Ηλεκτρονικό επικοινωνιακό μάρκετινγκ στο χώρο της τοπικής αυτοδιοίκησης : πτυχιακή εργασία

Αποθηκεύτηκε σε:
Λεπτομέρειες βιβλιογραφικής εγγραφής
Κύριος συγγραφέας: Αποστολοπούλου, Δανάη
Συγγραφή απο Οργανισμό/Αρχή: Πανεπιστήμιο Αιγαίου Σχολή Επιστημών της Διοίκησης Τμήμα Διοίκησης Επιχειρήσεων - Τ.Δ.Ε
Άλλοι συγγραφείς: Χρήστου, Ευάγγελος Σ. (Εισηγητής διατριβής)
Μορφή: Thesis Βιβλίο
Γλώσσα:Greek
Δημοσίευση: 2011
Θέματα:
Διαθέσιμο Online:http://hdl.handle.net/11610/6839
Ετικέτες: Προσθήκη ετικέτας
Δεν υπάρχουν, Καταχωρήστε ετικέτα πρώτοι!

MARC

LEADER 00000cam a2200000 i 4500
001 1/21387
008 120627s2011 gre d
035 |l 10112864 
040 |a GR-MY-UA  |b gre  |e aacr 
041 0 |a gre 
082 0 |a 658.8  |2 (22) 
100 1 |a Αποστολοπούλου, Δανάη. 
245 1 0 |a Ηλεκτρονικό επικοινωνιακό μάρκετινγκ στο χώρο της τοπικής αυτοδιοίκησης :  |b πτυχιακή εργασία /  |c Αποστολοπούλου Δανάη ; επιβλέπων καθηγητής: Χρήστου Ευάγγελος 
260 |c 2011 
300 |a 117 σ.;  |b διαγρ., πίν.;  |c 30 εκ. 
502 |a Πτυχιακή εργασία – Πανεπιστήμιο Αιγαίου, Χίος, 2011. 
504 |a Περιλαμβάνει βιβλιογραφία 
650 0 0 |a Internet marketing. 
650 0 0 |a Communication in marketing. 
650 0 0 |a Municipal services. 
650 0 0 |a Public administration. 
650 0 0 |a Municipal government. 
650 0 0 |a Dissertations, Academic  |z Greece. 
700 1 |4 ths  |a Χρήστου, Ευάγγελος Σ. 
710 1 |a Πανεπιστήμιο Αιγαίου  |b Σχολή Επιστημών της Διοίκησης  |b Τμήμα Διοίκησης Επιχειρήσεων - Τ.Δ.Ε. 
852 |a INST  |b CHIOS  |c DIATR  |e 20120627  |h 658.8 ΑΠΟ  |p 005200034037  |q 005200034037  |t DIE  |y 23 
852 |a INST  |b CHIOS  |c DIATR  |e 20120627  |h 658.8 ΑΠΟ  |p 005200034038  |q 005200034038  |t DIE  |y 23 
856 |u http://hdl.handle.net/11610/6839 
901 |a BIBL2-2012-2 
909 |a Χ  |b 149847 
909 |a Χ  |b 149848 
924 |a ΑΠΟΣΤΟΛΟΠΟΥΛΟΥ  |b ΔΑΝΑΗ  |y ΧΙΟΣ  |z 2001-09 
970 |a ΠΑΡΟΙΚΑΚΗ  |b ΒΑΣΙΛΙΚΗ  |z 2012/06/27